000 01575nam a2200385 i 4500
003 EG-GICUC
005 20260121101533.0
008 251223s1924 -uk |||| |||| 00| 0 eng d
040 _aEG-GICUC
_cEG-GICUC
_dEG-GICUC
_erda
_beng
041 0 _aeng
_beng
_deng
049 _aDeposit
082 0 4 _221
_a348.8042
097 _aPh.D
099 _aLaw 12 PHD 1924
100 0 _aGuenena
_eAuthor
245 1 2 _aA Comparative Study Of The Rules Of Private International Law Relating To Partnerships And To Corporations With Special Reference To The Laws Of France And Of Egypt/
_cby M. S. Guenena.
264 0 _aEngland :
_bUniversity Of London, King's College - Faculty of Law,
_c1924.
300 _a214 Pages ;
_c24 cm.
336 _2rda content
_aText
337 _2rda media
_aunmediated
338 _2rda carrier
_avolume
500 _aEng.
502 _a PHD Thesis - University Of London, King's College, Faculty of Law, Department of Private International Law , 1924.
504 _aIncludes bibliographic references.
546 _aText in English and abstract in English.
650 0 4 _aPrivate International Law
653 0 _a.
655 4 _aUniversity theses
_zUniversity Of London, King's College
_xDepartment of Private International Law
700 0 _aHamed Sultan
_eAnnotator.
710 2 _aUniversity Of London, King's College.
_bFaculty of Law
856 _uhttps://fll.law.cu.edu.eg/fulltext/th/T12-00290.pdf
900 _b1924
_UCairo University
_FFaculty of Law
_DDepartment of Private International Law
905 _a64
942 _2ddc
_n0
_cTH
_e21
999 _c52205